| 000 | 00803cab a2200229 4500 | ||
|---|---|---|---|
| 001 | WB2903-04 | ||
| 008 | 090401t1993 xxu||||| |||| 00| 0 eng d | ||
| 035 | _a(Sirsi) u31560 | ||
| 041 | _aeng | ||
| 245 | _aToxic wastes used as site fill | ||
| 260 | _c1993 | ||
| 350 | _a0 | ||
| 490 |
_aConstruction News _v(6298) 21 January 1993, 1(1) |
||
| 520 | _aA legal loophole is allowing material contaminated with toxic waste to be used as fill on construction sites. Unchecked topsoil, capping layer and hardcore containing arsenic, lead and mercury at potentially dangerous levels could end up on building sites. | ||
| 650 | _aCONSTRUCTION SITES | ||
| 650 | _aCONTAMINATED LAND | ||
| 650 | _aINFILL | ||
| 650 | _aTOXIC WASTE | ||
| 690 | _aBUILT ENVIRONMENT | ||
| 942 | _n0 | ||
| 948 | _c04/03/1997 | ||
| 999 |
_c21189 _d21189 |
||